<?xml version="1.0" encoding="UTF-8"?>
<record
    xmlns:xsi="http://www.w3.org/2001/XMLSchema-instance"
    xsi:schemaLocation="http://www.loc.gov/MARC21/slim http://www.loc.gov/standards/marcxml/schema/MARC21slim.xsd"
    xmlns="http://www.loc.gov/MARC21/slim">

  <leader>03271nam a2200541Ia 4500</leader>
  <controlfield tag="001">dia_5858</controlfield>
  <controlfield tag="003">CHAP</controlfield>
  <controlfield tag="005">20240425090335.0</controlfield>
  <controlfield tag="007">ta</controlfield>
  <controlfield tag="008">220117s2015    mx abdof      001 0 spa d</controlfield>
  <datafield tag="040" ind1=" " ind2=" ">
    <subfield code="a">mxchpua</subfield>
    <subfield code="c">CHAP</subfield>
  </datafield>
  <datafield tag="090" ind1=" " ind2=" ">
    <subfield code="a">T.C.663 </subfield>
    <subfield code="b">B84 IA </subfield>
    <subfield code="c">2015</subfield>
  </datafield>
  <datafield tag="245" ind1="1" ind2="0">
    <subfield code="a">Antecedentes bibliogr&#xE1;ficos de 5 sistemas, productos y caracterizaci&#xF3;n de 25 agroindustrias en los estados mexicanos de Sinaloa, Nayarit, Jalisco, Guanajuato y Quer&#xE9;taro /</subfield>
    <subfield code="c">coordinadora Mar&#xED;a Ofelia Buend&#xED;a Gonz&#xE1;lez ; colaboradores Luis Fernando Arroyo Dosseti...[y otros]</subfield>
  </datafield>
  <datafield tag="260" ind1=" " ind2=" ">
    <subfield code="a">M&#xE9;xico :</subfield>
    <subfield code="b">El Autor,</subfield>
    <subfield code="c">2015</subfield>
  </datafield>
  <datafield tag="300" ind1=" " ind2=" ">
    <subfield code="a">iii, 331 p&#xE1;ginas : </subfield>
    <subfield code="b">ilustraciones, diagramas, gr&#xE1;ficas, mapas, tablas, fotos</subfield>
  </datafield>
  <datafield tag="336" ind1=" " ind2=" ">
    <subfield code="2">rdacontent</subfield>
    <subfield code="a">texto</subfield>
    <subfield code="b">txt</subfield>
  </datafield>
  <datafield tag="337" ind1=" " ind2=" ">
    <subfield code="2">rdamedia</subfield>
    <subfield code="a">no mediado</subfield>
    <subfield code="b">n</subfield>
  </datafield>
  <datafield tag="338" ind1=" " ind2=" ">
    <subfield code="2">rdacarrier</subfield>
    <subfield code="a">volumen</subfield>
    <subfield code="b">nc</subfield>
  </datafield>
  <datafield tag="500" ind1=" " ind2=" ">
    <subfield code="a">Grado: 4&#xB0; a&#xF1;o Grupo: 01
Directorio: p&#xE1;ginas 328-331</subfield>
  </datafield>
  <datafield tag="502" ind1=" " ind2=" ">
    <subfield code="a">Viaje de estudios </subfield>
    <subfield code="b">(IA) -- </subfield>
    <subfield code="c">UACh. Departamento de Ingenier&#xED;a Agroindustrial, </subfield>
    <subfield code="d">2015</subfield>
  </datafield>
  <datafield tag="504" ind1=" " ind2=" ">
    <subfield code="a">Bibliograf&#xED;a: p&#xE1;ginas 317-327</subfield>
  </datafield>
  <datafield tag="505" ind1="0" ind2="0">
    <subfield code="t">Empresas visitadas: --
1.Productos de leche de Acatic, S. C. L. --
2. Alimentos La Concordia, S. A. de C. V. --
3. Cervecer&#xED;a del Pac&#xED;fico, S. de R. L. de C. V. --
4. Rastro Municipal de Quer&#xE9;taro TIF 412 --
5. Alimentos Eco Pacific Food, S. A. de C. V. --
6. Congeladora Oce&#xE1;nica, S. A. de C. V. --
7. Rastro Municipal de Mazatl&#xE1;n, Sinaloa, Rafael Dom&#xED;nguez --
8. Rastro Municipal de aves de Le&#xF3;n, Guanajuato --
9. Tequila Don Valente --
10. Vinata Santa Clara, S. A. de C. V. --
11. Finca Sala Viv&#xE9; by Freixenet M&#xE9;xico --
12. Forrajes Tesistan, S. A. de C. V. --
13. Maz Industrial, S. A. de C. V. --
14. Alimentos Balanceados PREVITEP --
15. La India Verde&#xF1;a, S. A. de C. V. --
16. BIMBO, S. A. de C. V. --
17. Harinera Seis Hermanos, S. A. de C. V. --
18. Industrializadora Oleofinos, S. A. de C. V. --
19. CITRO FRUT, S. A. de C. V. --
20. Empaque Don Jorge, S. A. de C. V. --
21. Xtra Congelados Naturales, S. A. de C. V. --
22. Cristalita, S. A. de C. V. --
23. Roberto&#xB4;s Mangos, S. A. de C. V. --
24. F&#xE1;brica de dulces Marmor, S. A. de C. V. --
25. Ingenio El molino, S. A. de C. V.</subfield>
  </datafield>
  <datafield tag="650" ind1="1" ind2="3">
    <subfield code="a">Edulcorantes  </subfield>
    <subfield code="9">35703</subfield>
  </datafield>
  <datafield tag="650" ind1="1" ind2="3">
    <subfield code="a">Fruta (alimentos)  </subfield>
    <subfield code="9">157059</subfield>
  </datafield>
  <datafield tag="650" ind1="1" ind2="3">
    <subfield code="a">Hortalizas  </subfield>
    <subfield code="9">150602</subfield>
  </datafield>
  <datafield tag="650" ind1="1" ind2="3">
    <subfield code="a">Industria alimentaria  </subfield>
    <subfield code="9">141176</subfield>
  </datafield>
  <datafield tag="650" ind1="1" ind2="3">
    <subfield code="a">Industria cervecera  </subfield>
    <subfield code="9">57799</subfield>
  </datafield>
  <datafield tag="650" ind1="1" ind2="3">
    <subfield code="a">Industria del vino  </subfield>
    <subfield code="9">151418</subfield>
  </datafield>
  <datafield tag="650" ind1="1" ind2="3">
    <subfield code="a">Industria lechera  </subfield>
    <subfield code="9">57819</subfield>
  </datafield>
  <datafield tag="650" ind1="1" ind2="3">
    <subfield code="a">Brewing industry  </subfield>
    <subfield code="9">151423</subfield>
  </datafield>
  <datafield tag="650" ind1="1" ind2="3">
    <subfield code="a">Wine industry  </subfield>
    <subfield code="9">151419</subfield>
  </datafield>
  <datafield tag="650" ind1="1" ind2="3">
    <subfield code="a">Dairy industry  </subfield>
    <subfield code="9">147323</subfield>
  </datafield>
  <datafield tag="650" ind1="1" ind2="3">
    <subfield code="a">Feed industry  </subfield>
    <subfield code="9">149936</subfield>
  </datafield>
  <datafield tag="650" ind1="1" ind2="3">
    <subfield code="a">Fruits (food)  </subfield>
    <subfield code="9">158619</subfield>
  </datafield>
  <datafield tag="650" ind1="1" ind2="3">
    <subfield code="a">Horticultural products industry</subfield>
    <subfield code="9">151427</subfield>
  </datafield>
  <datafield tag="650" ind1="1" ind2="3">
    <subfield code="a">Oilseeds  </subfield>
    <subfield code="9">152851</subfield>
  </datafield>
  <datafield tag="650" ind1="1" ind2="3">
    <subfield code="a">Oleaginosas  </subfield>
    <subfield code="9">143465</subfield>
  </datafield>
  <datafield tag="650" ind1="1" ind2="3">
    <subfield code="a">Sweeteners  </subfield>
    <subfield code="9">161501</subfield>
  </datafield>
  <datafield tag="700" ind1="1" ind2=" ">
    <subfield code="a">Buend&#xED;a Gonz&#xE1;lez, Mar&#xED;a Ofelia</subfield>
    <subfield code="9">150532</subfield>
    <subfield code="e">coordinadora</subfield>
  </datafield>
  <datafield tag="700" ind1="1" ind2=" ">
    <subfield code="a">Arroyo Dosseti, Luis Fernando</subfield>
    <subfield code="9">159570</subfield>
    <subfield code="e">colaborador</subfield>
  </datafield>
  <datafield tag="856" ind1="4" ind2="2">
    <subfield code="u">http://10.13.5.2/ve/TC663IA/TC663IA2015-REPORTE.pdf</subfield>
    <subfield code="y">DESCARGAR REPORTE</subfield>
  </datafield>
  <datafield tag="901" ind1=" " ind2=" ">
    <subfield code="a">T.C.663 B84 IA 2015</subfield>
  </datafield>
  <datafield tag="902" ind1=" " ind2=" ">
    <subfield code="a">M</subfield>
  </datafield>
  <datafield tag="905" ind1=" " ind2=" ">
    <subfield code="a">5232272015                          mx nmbl8223123322spa16</subfield>
  </datafield>
  <datafield tag="942" ind1=" " ind2=" ">
    <subfield code="2">local</subfield>
  </datafield>
  <datafield tag="942" ind1=" " ind2=" ">
    <subfield code="c">VE</subfield>
  </datafield>
  <datafield tag="999" ind1=" " ind2=" ">
    <subfield code="c">176816</subfield>
    <subfield code="d">176816</subfield>
  </datafield>
  <datafield tag="952" ind1=" " ind2=" ">
    <subfield code="0">0</subfield>
    <subfield code="1">0</subfield>
    <subfield code="2">local</subfield>
    <subfield code="4">0</subfield>
    <subfield code="5">1</subfield>
    <subfield code="7">0</subfield>
    <subfield code="8">VE</subfield>
    <subfield code="a">IA_</subfield>
    <subfield code="b">IA_</subfield>
    <subfield code="d">2022-01-18</subfield>
    <subfield code="e">El autor</subfield>
    <subfield code="l">0</subfield>
    <subfield code="o">T.C.663 B84 IA 2015</subfield>
    <subfield code="p">1106009020</subfield>
    <subfield code="r">2022-01-18 00:00:00</subfield>
    <subfield code="t">Ej.3</subfield>
    <subfield code="w">2022-01-18</subfield>
    <subfield code="y">CD</subfield>
  </datafield>
  <datafield tag="952" ind1=" " ind2=" ">
    <subfield code="0">0</subfield>
    <subfield code="1">0</subfield>
    <subfield code="2">local</subfield>
    <subfield code="4">0</subfield>
    <subfield code="5">1</subfield>
    <subfield code="7">0</subfield>
    <subfield code="8">VE</subfield>
    <subfield code="a">IA_</subfield>
    <subfield code="b">IA_</subfield>
    <subfield code="d">2022-01-18</subfield>
    <subfield code="e">El autor</subfield>
    <subfield code="l">0</subfield>
    <subfield code="o">T.C.663 B84 IA 2015</subfield>
    <subfield code="p">1106009049</subfield>
    <subfield code="r">2022-01-18 00:00:00</subfield>
    <subfield code="t">Ej.4</subfield>
    <subfield code="w">2022-01-18</subfield>
    <subfield code="y">CD</subfield>
  </datafield>
  <datafield tag="952" ind1=" " ind2=" ">
    <subfield code="0">0</subfield>
    <subfield code="1">0</subfield>
    <subfield code="2">local</subfield>
    <subfield code="4">0</subfield>
    <subfield code="5">1</subfield>
    <subfield code="7">0</subfield>
    <subfield code="8">VE</subfield>
    <subfield code="a">IA_</subfield>
    <subfield code="b">IA_</subfield>
    <subfield code="d">2022-01-18</subfield>
    <subfield code="e">El autor</subfield>
    <subfield code="l">0</subfield>
    <subfield code="o">T.C.663 B84 IA 2015</subfield>
    <subfield code="p">1106009019</subfield>
    <subfield code="r">2026-01-26 00:00:00</subfield>
    <subfield code="t">Ej.1</subfield>
    <subfield code="w">2022-01-18</subfield>
    <subfield code="y">VE</subfield>
  </datafield>
  <datafield tag="952" ind1=" " ind2=" ">
    <subfield code="0">0</subfield>
    <subfield code="1">0</subfield>
    <subfield code="2">local</subfield>
    <subfield code="4">0</subfield>
    <subfield code="5">5</subfield>
    <subfield code="7">0</subfield>
    <subfield code="8">VE</subfield>
    <subfield code="a">IA_</subfield>
    <subfield code="b">IA_</subfield>
    <subfield code="d">2022-01-18</subfield>
    <subfield code="e">El autor</subfield>
    <subfield code="l">1</subfield>
    <subfield code="o">T.C.663 B84 IA 2015</subfield>
    <subfield code="p">1106009030</subfield>
    <subfield code="r">2026-01-26 00:00:00</subfield>
    <subfield code="s">2024-05-07</subfield>
    <subfield code="t">Ej.2</subfield>
    <subfield code="w">2022-01-18</subfield>
    <subfield code="y">VE</subfield>
  </datafield>
  <datafield tag="952" ind1=" " ind2=" ">
    <subfield code="0">0</subfield>
    <subfield code="1">0</subfield>
    <subfield code="2">local</subfield>
    <subfield code="4">0</subfield>
    <subfield code="7">0</subfield>
    <subfield code="8">VEE</subfield>
    <subfield code="a">IA_</subfield>
    <subfield code="b">IA_</subfield>
    <subfield code="c">E_L</subfield>
    <subfield code="d">2022-01-18</subfield>
    <subfield code="e">El autor</subfield>
    <subfield code="l">0</subfield>
    <subfield code="o">T.C.663 B84 IA 2015</subfield>
    <subfield code="p">1206009019</subfield>
    <subfield code="r">2024-04-25 00:00:00</subfield>
    <subfield code="w">2024-04-25</subfield>
    <subfield code="y">VEE</subfield>
  </datafield>
</record>
